000
00245 a2200085 4500
020
_a
9783836544344
100
_a
Gilbert Lupfer and Paul Sigel
245
_a
Walter Gropius: 1883-1969: the Promoter of a New Form
260
_b
Taschen America Llc
_c
2017
999
_c
13383
_d
13383